Víme si rady s duchovními potřebami nemocných? / Marie Svatošová
Record details
- ISBN: 978-80-247-4107-9
- Physical Description: 109 s. : 1 portrét ; 21 cm
- Edition: 1. vyd.
- Publisher: Praha : Grada, 2012
Content descriptions
| Bibliography, etc. Note: | Obsahuje bibliografii, bibliografické odkazy a rejstřík |
Search for related items by subject
| Genre: | příručky handbooks and manuals |
Available copies
- 3 of 5 copies available at Common Catalog SPOK.
Holds
- 0 current holds with 5 total copies.
Show Only Available Copies
| Location | Call Number / Copy Notes | Barcode | Shelving Location | Status | Due Date |
|---|---|---|---|---|---|
| ETS Library | 362.2 | 424470018606 | Volný výběr | Available | - |
| Hospic Dobrého Pastýře | PA
Tematická katagorie: Odborná - paliativní péče (PA) |
2045957009155 | Vrchní sestra (VRCH) | Available | - |
| Jabok Library | PT-7.2/S | 424480026516 | Odborná literatura | Checked out | 08.09.2025 |
| Jabok Library | PT-7.2/S | 424480026522 | Odborná literatura | Available | - |
| Jabok Library | PT-7.2/S | 424480034301 | Odborná literatura | Checked out | 22.04.2025 |
| LDR | 02174nam a2200661 a 4500 | ||
|---|---|---|---|
| 001 | 16454 | ||
| 003 | CZ-PrJAB | ||
| 005 | 20170601100614.0 | ||
| 007 | ta | ||
| 008 | 120405s2012 xr c e f 001 0 cze | ||
| 015 | . | ‡acnb002359264 | |
| 020 | . | ‡a978-80-247-4107-9 ‡q(brož.) | |
| 035 | . | ‡a(CZ PrNK)nkc20122359264 | |
| 035 | . | ‡a(OCoLC)796018894 | |
| 040 | . | ‡aBOA001 ‡bcze | |
| 072 | 7. | ‡a27-46/-48 ‡xPastorální teologie ‡2Konspekt ‡95 | |
| 080 | . | ‡a616-052 ‡2MRF | |
| 080 | . | ‡a616-036.88-05 ‡2MRF | |
| 080 | . | ‡a2-487 ‡2MRF | |
| 080 | . | ‡a2-58 ‡2MRF | |
| 080 | . | ‡a2-584 ‡2MRF | |
| 080 | . | ‡a159.922/.923 ‡2MRF | |
| 080 | . | ‡a616-093.75 ‡2MRF | |
| 080 | . | ‡a27-46 ‡2MRF | |
| 080 | . | ‡a27-58-472 ‡2MRF | |
| 080 | . | ‡a364-787 ‡2MRF | |
| 080 | . | ‡a616-051 ‡2MRF | |
| 080 | . | ‡a(035) ‡2MRF | |
| 100 | 1 | . | ‡aSvatošová, Marie, ‡d1942- ‡7nlk20020106478 ‡4aut |
| 245 | 1 | 0. | ‡aVíme si rady s duchovními potřebami nemocných? / ‡cMarie Svatošová |
| 250 | . | ‡a1. vyd. | |
| 260 | . | ‡aPraha : ‡bGrada, ‡c2012 | |
| 300 | . | ‡a109 s. : ‡b1 portrét ; ‡c21 cm | |
| 504 | . | ‡aObsahuje bibliografii, bibliografické odkazy a rejstřík | |
| 650 | 0 | 7. | ‡anemocní ‡7ph123222 ‡2czenas |
| 650 | 0 | 7. | ‡aumírající ‡7ph215899 ‡2czenas |
| 650 | 0 | 7. | ‡aspiritualita ‡7ph116237 ‡2czenas |
| 650 | 0 | 7. | ‡aduchovní život ‡7ph114375 ‡2czenas |
| 650 | 0 | 7. | ‡apsychologie životní cesty ‡7ph233618 ‡2czenas |
| 650 | 0 | 7. | ‡apaliativní péče ‡7ph123911 ‡2czenas |
| 650 | 0 | 7. | ‡apastorační péče ‡7ph138508 ‡2czenas |
| 650 | 0 | 7. | ‡aduchovní služba ‡7ph216551 ‡2czenas |
| 650 | 0 | 7. | ‡apomáhající chování ‡7ph124334 ‡2czenas |
| 650 | 0 | 7. | ‡azdravotničtí pracovníci ‡7ph137871 ‡2czenas |
| 650 | 0 | 9. | ‡apatients ‡2eczenas |
| 650 | 0 | 9. | ‡adying ‡2eczenas |
| 650 | 0 | 9. | ‡aspirituality ‡2eczenas |
| 650 | 0 | 9. | ‡aspiritual life ‡2eczenas |
| 650 | 0 | 9. | ‡alifespan psychology ‡2eczenas |
| 650 | 0 | 9. | ‡apalliative care ‡2eczenas |
| 650 | 0 | 9. | ‡apastoral attention ‡2eczenas |
| 650 | 0 | 9. | ‡aspiritual service ‡2eczenas |
| 650 | 0 | 9. | ‡ahelping behavior ‡2eczenas |
| 650 | 0 | 9. | ‡amedical personnel ‡2eczenas |
| 655 | 7. | ‡apříručky ‡7fd133209 ‡2czenas | |
| 655 | 9. | ‡ahandbooks and manuals ‡2eczenas | |
| 910 | . | ‡aABG312 | |
| 901 | . | ‡a16454 ‡b ‡c16454 ‡tbiblio | |